<?xml version="1.0" encoding="UTF-8"?>
<collection xmlns="http://www.loc.gov/MARC21/slim">
<record>
  <controlfield tag="001">83969</controlfield>
  <controlfield tag="005">20240822101116.0</controlfield>
  <datafield tag="041" ind1=" " ind2=" ">
    <subfield code="a">spa</subfield>
  </datafield>
  <datafield tag="245" ind1=" " ind2=" ">
    <subfield code="a">Revista de la Real Academia de Ciencias de Zaragoza, TOMO 72 (2017)</subfield>
  </datafield>
  <datafield tag="260" ind1=" " ind2=" ">
    <subfield code="a">Zaragoza</subfield>
    <subfield code="b">Academia de ciencias exactas, fisico-quimicas y naturales</subfield>
    <subfield code="c">2017</subfield>
  </datafield>
  <datafield tag="490" ind1=" " ind2=" ">
    <subfield code="a">Revista de la Real Academia de Ciencias de Zaragoza</subfield>
  </datafield>
  <datafield tag="520" ind1=" " ind2=" ">
    <subfield code="a">Índice 
Distribution of mass in high-dimensional convex bodies 
D. Alonso Gutiérrez 
Control mediante luz de la morfología en polímeros 
C. Sánchez Somolinos
Nota necrológica. Pedro Monserrat Recoder 
L. Villar Pérez 
Actividades de la Real Academia de Ciencias Exactas, Físicas, Químicas y Naturales de Zaragoza en el año 2017</subfield>
  </datafield>
  <datafield tag="538" ind1=" " ind2=" ">
    <subfield code="a">Texto completo. Available electronically via Internet</subfield>
  </datafield>
  <datafield tag="540" ind1=" " ind2=" ">
    <subfield code="9">info:eu-repo/semantics/openAccess $a Esta obra está sujeta a una licencia de uso Creative Commons. Se permite la reproducción total o parcial, la distribución, la comunicación pública de la obra y la creación de obras derivadas, siempre que no sea con finalidades comerciales, y sempre que se reconzca la autoria de la obra original.</subfield>
    <subfield code="u">https://creativecommons.org/licenses/by-nc/4.0/</subfield>
  </datafield>
  <datafield tag="710" ind1=" " ind2=" ">
    <subfield code="a">Real Academia de Ciencias de Zaragoza</subfield>
  </datafield>
  <datafield tag="856" ind1="0" ind2=" ">
    <subfield code="f">acz@unizar.es</subfield>
  </datafield>
  <datafield tag="856" ind1="4" ind2=" ">
    <subfield code="s">10036036</subfield>
    <subfield code="u">http://zaguan.unizar.es/record/83969/files/72.pdf</subfield>
  </datafield>
  <datafield tag="909" ind1="C" ind2="O">
    <subfield code="o">oai:zaguan.unizar.es:83969</subfield>
    <subfield code="p">driver</subfield>
    <subfield code="p">revistas</subfield>
  </datafield>
  <datafield tag="980" ind1=" " ind2=" ">
    <subfield code="a">REVISTA</subfield>
    <subfield code="b">ACAD_CIE</subfield>
  </datafield>
  <datafield tag="984" ind1=" " ind2=" ">
    <subfield code="a">public</subfield>
  </datafield>
</record>
</collection>